000 01314nam a2200409 c 4500
001 18705
003 ES-MaCES
005 20150929135459.0
008 060410s2005 sp d t o000 | spa d
017 _aM 42229-2005
_bDL
035 _aCES20060003722m
040 _aES-MaCES
_bspa
_cES-MaCES
100 1 _aMalo de Molina, José Luis
_917356
245 1 4 _aUna larga fase de expansión de la economía española
_cJosé Luis Malo de Molina
260 _aMadrid
_bBanco de España
_c2005
300 _a35 p.
_c30 cm
490 0 _aDocumentos ocasionales
_v0505
500 _aResumen
504 _aBibliografía: p. 35
541 _cGratuito
650 4 _acrecimiento económico
_927094
650 4 _acompetitividad
_928270
650 4 _aconvergencia
_930771
650 4 _apolítica económica
_927025
650 4 _aindicador económico
_927073
650 4 _aendeudamiento
_928115
650 4 _afamilia
_927318
650 4 _aEspaña
_926964
650 4 _aanálisis económico
_927070
653 1 0 _aCondiciones económicas
650 4 _926752
_aUE
710 2 _aBanco de España
_eed.
_91586
830 0 _aDocumentos ocasionales (Banco de España. Servicio de Estudios)
_v0505
_933870
902 _aDOC Literatura gris
942 _2CES
_cBK
_h0.0.
999 _c18705
_d18705